[Event "Druga liga CS - istok"]
[Site "Leskovac"]
[Date "2006.09.30"]
[Round "4.1"]
[White "Dimitrijevic, Srdjan"]
[Black "Djukic, Zeljko"]
[Result "0-1"]
[WhiteElo "2308"]
[BlackElo "2409"]
[PlyCount "80"]
[EventDate "2006.09.09"]

1. d4 Nf6 2. c4 c5 3. d5 b5 4. Nf3 b4 5. Nbd2 d6 6. e4 e5 7. Bd3 g6 8. a3 bxa3
9. Rxa3 Bh6 10. Nb3 Bxc1 11. Qxc1 O-O 12. O-O Na6 13. Qh6 Nb4 14. Bb1 Ng4 15.
Qd2 Kg7 16. h3 Nf6 17. Nxc5 dxc5 18. Nxe5 Re8 19. f4 Qd6 20. Raf3 Re7 21. Qe1
Ng8 22. Qg3 Nh6 23. Ng4 Bxg4 24. hxg4 f6 25. g5 fxg5 26. e5 Qa6 27. fxg5 Nf5
28. Bxf5 gxf5 29. b3 Nc2 30. Rxf5 Nd4 31. R5f2 Qg6 32. e6 Qe4 33. Qh2 Kg8 34.
Kh1 Rg7 35. Qd6 Rxg5 36. Rf8+ Kg7 37. R1f7+ Kh6 38. Rf6+ Rg6 39. Qh2+ Kg5 40.
Rxg6+ hxg6 0-1

[Event "Druga liga CS - istok"]
[Site "Leskovac"]
[Date "2006.09.30"]
[Round "4.1"]
[White "Puzic, Slobodan"]
[Black "Biljanic, Ljubomir"]
[Result "0-1"]
[WhiteElo "2173"]
[BlackElo "2279"]
[PlyCount "62"]
[EventDate "2006.09.09"]

1. e4 e5 2. Nf3 Nc6 3. Bb5 g6 4. Nc3 Bg7 5. d3 Nge7 6. Bg5 a6 7. Ba4 b5 8. Bb3
f6 9. Be3 Na5 10. d4 exd4 11. Qxd4 Nxb3 12. axb3 Bb7 13. O-O O-O 14. Rfd1 d6
15. Qd3 Qd7 16. Nd4 Rad8 17. f3 Kh8 18. Nde2 Nc6 19. Nd5 Ne5 20. Qd2 f5 21.
exf5 Rxf5 22. Nec3 Rxf3 23. Bh6 Qg4 24. Kh1 Rxc3 25. Nxc3 Nf3 26. Qe3 Nh4 27.
Qg3 Bxg2+ 28. Kg1 Qh5 29. Bg5 Nf3+ 30. Kxg2 Nxg5 31. Rd5 Be5 0-1

[Event "Druga liga CS - istok"]
[Site "Leskovac"]
[Date "2006.09.30"]
[Round "4.1"]
[White "Kulak, Dejan"]
[Black "Stankovic, Goran"]
[Result "1-0"]
[WhiteElo "2275"]
[BlackElo "2074"]
[PlyCount "95"]
[EventDate "2006.09.09"]

1. e4 c5 2. Nf3 Nc6 3. Bb5 g6 4. O-O Bg7 5. c3 Nf6 6. Re1 O-O 7. h3 a6 8. Bxc6
dxc6 9. d4 cxd4 10. cxd4 b5 11. Bg5 h6 12. Bf4 g5 13. Be5 g4 14. hxg4 Bxg4 15.
Nbd2 Rc8 16. Rc1 Nd7 17. Bxg7 Kxg7 18. Nb3 e5 19. Re3 Qf6 20. Qe1 Rg8 21. dxe5
Nxe5 22. Nxe5 Qxe5 23. Qc3 Kf6 24. f4 Qxc3 25. Rexc3 Bd7 26. Nc5 Ke7 27. Rd3
Rgd8 28. Rcd1 Be6 29. Rxd8 Rxd8 30. Rxd8 Kxd8 31. a3 Bc8 32. b4 Ke7 33. Kf2 Kd6
34. Ke3 a5 35. Kd4 axb4 36. e5+ Ke7 37. axb4 Bg4 38. Ne4 Be2 39. Kc5 Bf1 40. g4
Bg2 41. Nf6 Kf8 42. Kd6 Kg7 43. f5 Bf3 44. Kd7 Be2 45. Kxc6 Bc4 46. Kd7 Bb3 47.
Ke7 Bc4 48. Nd7 1-0

[Event "Druga liga CS - istok"]
[Site "Leskovac"]
[Date "2006.09.30"]
[Round "4.1"]
[White "Djukic, Stevan"]
[Black "Mitic, Jovan"]
[Result "1-0"]
[WhiteElo "2181"]
[BlackElo "2140"]
[PlyCount "61"]
[EventDate "2006.09.09"]

1. d4 Nf6 2. c4 g6 3. Nc3 Bg7 4. e4 d6 5. f3 O-O 6. Be3 Nbd7 7. Nge2 c5 8. d5
a6 9. a4 Ne5 10. Nc1 Rb8 11. Be2 Re8 12. O-O Qa5 13. Ra3 e6 14. h3 exd5 15.
cxd5 Ned7 16. g4 Qd8 17. Qd2 Ne5 18. f4 Nexg4 19. hxg4 Nxg4 20. Bxg4 Bxg4 21.
Qg2 Qd7 22. Re1 b5 23. axb5 axb5 24. Nd1 Bh3 25. Qg3 b4 26. Ra1 Bg4 27. Nf2 Bh5
28. Rb1 c4 29. Ne2 Bxe2 30. Rxe2 Qa4 31. Qg2 1-0

[Event "Druga liga CS - istok"]
[Site "Nis"]
[Date "2006.09.30"]
[Round "4.2"]
[White "Lukic, Igor"]
[Black "Zafirovski, Mite"]
[Result "1/2-1/2"]
[WhiteElo "2087"]
[BlackElo "2271"]
[PlyCount "23"]
[EventDate "2006.09.09"]

1. d4 Nf6 2. c4 e6 3. Nc3 Bb4 4. Qc2 O-O 5. a3 Bxc3+ 6. Qxc3 d6 7. e3 b6 8. Bd3
Bb7 9. f3 Nbd7 10. b4 c5 11. Ne2 Rc8 12. O-O 1/2-1/2

[Event "Druga liga CS - istok"]
[Site "Nis"]
[Date "2006.09.30"]
[Round "4.2"]
[White "Djordjevic, Nebojsa"]
[Black "Petrovic, Dragan"]
[Result "0-1"]
[WhiteElo "2265"]
[BlackElo "2102"]
[PlyCount "44"]
[EventDate "2006.09.09"]

1. d4 Nf6 2. c4 g6 3. Nc3 Bg7 4. e4 d6 5. f3 O-O 6. Be3 Nc6 7. Nge2 a6 8. Qd2
Re8 9. Nc1 e5 10. d5 Nd4 11. N3e2 c5 12. dxc6 bxc6 13. Nxd4 exd4 14. Bxd4 Nxe4
15. fxe4 Rxe4+ 16. Be2 Bxd4 17. Nb3 Be3 18. Qc3 Qg5 19. g3 Bg4 20. Qd3 Rae8 21.
Kd1 Bf2 22. Bxg4 Qxg4+ 0-1

[Event "Druga liga CS - istok"]
[Site "Branicevo"]
[Date "2006.09.30"]
[Round "4.4"]
[White "Dezelin, Milan"]
[Black "Mitrovic, Darko"]
[Result "1-0"]
[WhiteElo "2333"]
[BlackElo "2329"]
[PlyCount "97"]
[EventDate "2006.09.09"]

1. Nf3 Nf6 2. b3 d5 3. Bb2 c5 4. e3 Bg4 5. Bb5+ Nc6 6. h3 Bh5 7. Bxc6+ bxc6 8.
d3 Nd7 9. Nbd2 f6 10. d4 e6 11. O-O Bd6 12. Qe2 O-O 13. e4 Qc7 14. c4 cxd4 15.
cxd5 exd5 16. exd5 c5 17. Rac1 Bf4 18. g4 Bf7 19. Bxd4 Bxd5 20. Rc3 f5 21. Be3
fxg4 22. hxg4 Qc6 23. Bxf4 Rxf4 24. Nh2 Nf8 25. Rfc1 Ne6 26. Qe5 Raf8 27. f3
Qd7 28. Rd3 Rd4 29. Rxd4 cxd4 30. Kf2 Bc6 31. Kg3 d3 32. Rc4 Rd8 33. Nhf1 Nd4
34. Rxd4 Qxd4 35. Qe6+ Kf8 36. Qxc6 Qe5+ 37. Kh3 Qe2 38. Qc7 Re8 39. Qxa7 h5
40. gxh5 Qe6+ 41. Kg2 Qf6 42. Ne4 Qe5 43. Qd7 Ra8 44. a4 Qxh5 45. Qxd3 Rb8 46.
Nfg3 Qe5 47. Nf1 Qb2+ 48. Nfd2 Qe5 49. Qe3 1-0

[Event "Druga liga CS - istok"]
[Site "Branicevo"]
[Date "2006.09.30"]
[Round "4.4"]
[White "Garic, Radomir"]
[Black "Savic, Goran"]
[Result "1-0"]
[WhiteElo "2210"]
[BlackElo "2116"]
[PlyCount "59"]
[EventDate "2006.09.09"]

1. e4 e6 2. d4 d5 3. Nc3 Bb4 4. e5 c5 5. Bd2 Bxc3 6. Bxc3 Nc6 7. Nf3 cxd4 8.
Nxd4 Nxd4 9. Qxd4 Ne7 10. Bd3 O-O 11. O-O-O Bd7 12. h4 b5 13. Rh3 Qb6 14. Qg4
Nf5 15. Bxf5 exf5 16. Qg5 h6 17. Qf4 Qe6 18. Qd4 Rfd8 19. Qxd5 Bc6 20. Qxd8+
Rxd8 21. Rxd8+ Kh7 22. b3 f4 23. Rd6 Qg4 24. Rxc6 Qxg2 25. e6 Qxc6 26. exf7 Qd6
27. Rd3 Qa3+ 28. Kb1 Kg6 29. Rd7 Kh5 30. Bxg7 1-0

[Event "Druga liga CS - istok"]
[Site "Branicevo"]
[Date "2006.09.30"]
[Round "4.4"]
[White "Zivkovic, Rajko"]
[Black "Rajkovic, Ljubisa"]
[Result "1-0"]
[WhiteElo "2243"]
[BlackElo "2207"]
[PlyCount "105"]
[EventDate "2006.09.09"]

1. c4 c5 2. Nc3 Nc6 3. g3 g6 4. Bg2 Bg7 5. Nf3 Nh6 6. O-O Nf5 7. e3 O-O 8. Rb1
Rb8 9. b3 a6 10. Qe2 Qa5 11. Bb2 b5 12. Rfc1 bxc4 13. Qxc4 Bb7 14. Na4 d6 15.
Bxg7 Nxg7 16. a3 Ne6 17. Qh4 Kg7 18. d4 cxd4 19. exd4 Rfe8 20. Nc3 Ncd8 21. d5
Nf8 22. Nd2 Bc8 23. Nc4 Qc7 24. Ne4 Qd7 25. Qf4 f5 26. Nc3 Qa7 27. Re1 Nf7 28.
h4 a5 29. b4 axb4 30. axb4 Qc7 31. Qd4+ Kg8 32. Rec1 Bd7 33. Na5 Qb6 34. Qd2
Ne5 35. Ne2 Rec8 36. Nc6 Bxc6 37. dxc6 Ng4 38. Nf4 Nf6 39. Nd5 Nxd5 40. Qxd5+
Kg7 41. Bf1 Qc7 42. b5 Rb6 43. Ra1 e6 44. Qd2 e5 45. Ra2 Qe7 46. Rca1 Ne6 47.
Ra7 Rc7 48. Qa5 Rxb5 49. Bxb5 Kf6 50. Qb6 d5 51. Rxc7 Nxc7 52. Ra7 Qb4 53. Qxc7
1-0

[Event "Druga liga CS - istok"]
[Site "Branicevo"]
[Date "2006.09.30"]
[Round "4.4"]
[White "Zivanovic, Nenad"]
[Black "Djuric, Ranko"]
[Result "1-0"]
[WhiteElo "2200"]
[BlackElo "2170"]
[PlyCount "105"]
[EventDate "2006.09.09"]

1. e4 c5 2. Nc3 d6 3. g3 Nc6 4. Bg2 Nf6 5. d3 g6 6. h3 Bg7 7. f4 O-O 8. Nf3 Qc7
9. O-O a6 10. Be3 Bd7 11. g4 e6 12. Ne2 Rad8 13. Ng3 Ne8 14. c3 b5 15. Qd2 f6
16. Qf2 Rb8 17. Rac1 Qd8 18. d4 c4 19. f5 e5 20. Rfd1 Qe7 21. dxe5 Nxe5 22.
Nxe5 fxe5 23. g5 Rf7 24. Qc2 Qd8 25. h4 Qc8 26. Rf1 Bf8 27. h5 gxh5 28. Nxh5
Ng7 29. Nf6+ Kh8 30. Qf2 Ne8 31. Nxd7 Qxd7 32. Qh4 Rg7 33. Kh2 Rb7 34. f6 Rg6
35. Bh3 Qf7 36. Bf5 Kg8 37. Qh3 Nc7 38. Bxg6 hxg6 39. Kg3 Ne8 40. Rh1 Qh7 41.
Qg4 Qd7 42. Rh4 Qxg4+ 43. Kxg4 Rh7 44. Rxh7 Kxh7 45. Bb6 Kg8 46. a4 Kf7 47.
axb5 axb5 48. Ra1 Ke6 49. Ra8 Kf7 50. Rb8 d5 51. exd5 Bd6 52. Rb7+ Kf8 53. Rd7
1-0

[Event "Druga liga CS - istok"]
[Site "Branicevo"]
[Date "2006.09.30"]
[Round "4.4"]
[White "Filipovic, Slobodan"]
[Black "Madjar, Stanislav"]
[Result "1-0"]
[WhiteElo "2231"]
[BlackElo "2182"]
[PlyCount "91"]
[EventDate "2006.09.09"]

1. e4 Nf6 2. e5 Nd5 3. d4 d6 4. Nf3 c6 5. Bc4 Bf5 6. O-O e6 7. a4 Be7 8. Bd3
Bxd3 9. Qxd3 Nd7 10. c4 Nb4 11. Qe2 d5 12. c5 b6 13. cxb6 axb6 14. Nc3 O-O 15.
Bd2 Nb8 16. Rfc1 c5 17. Nb5 c4 18. Bxb4 Bxb4 19. b3 cxb3 20. Qb2 Na6 21. Qxb3
Rc8 22. Rc2 Qd7 23. Rac1 Rfd8 24. Kf1 h6 25. Ne1 Bd2 26. Rxc8 Rxc8 27. Rc2 Ba5
28. Nd3 Rc6 29. Ke2 Qc8 30. Kd1 Rxc2 31. Qxc2 Qxc2+ 32. Kxc2 Nb4+ 33. Nxb4 Bxb4
34. Kb3 Be1 35. f3 Kf8 36. Nd6 h5 37. g4 g6 38. h3 Ba5 39. f4 Ke7 40. f5 exf5
41. gxh5 f4 42. h6 Kf8 43. Nxf7 Kg8 44. Ng5 b5 45. axb5 Bd8 46. Nf3 1-0

[Event "Druga liga CS - istok"]
[Site "Jagodina"]
[Date "2006.09.30"]
[Round "4.5"]
[White "Radosavljevic, Slobodan"]
[Black "Vojinovic, Goran"]
[Result "0-1"]
[WhiteElo "2254"]
[BlackElo "2461"]
[PlyCount "90"]
[EventDate "2006.09.09"]

1. g3 d5 2. Bg2 c6 3. d3 g6 4. Nf3 Bg7 5. O-O e5 6. c4 Ne7 7. Nc3 O-O 8. e4 d4
9. Ne2 c5 10. b4 cxb4 11. a3 Nec6 12. axb4 Nxb4 13. Ba3 N8c6 14. Ne1 Re8 15. f4
a5 16. h3 Ra6 17. fxe5 Nxe5 18. Qd2 Bf8 19. Nf4 Rf6 20. Nc2 Rxf4 21. gxf4 Nexd3
22. Nxb4 axb4 23. Qxd3 bxa3 24. e5 Qc7 25. Bd5 Bf5 26. Qb3 b6 27. Rf3 Bc5 28.
Kg2 Kg7 29. Rd1 Re7 30. Qa2 f6 31. exf6+ Kxf6 32. Qa1 Re2+ 33. Kg3 h5 34. h4
Kg7 35. Rxd4 Kh7 36. Rd1 Qe7 37. Bc6 a2 38. Qc3 Re3 39. Rxe3 Qxe3+ 40. Qxe3
Bxe3 41. Ra1 Bb1 42. c5 Bd4 43. cxb6 Bxa1 44. b7 Bg7 45. b8=Q a1=Q 0-1

[Event "Druga liga CS - istok"]
[Site "Jagodina"]
[Date "2006.09.30"]
[Round "4.5"]
[White "Raicevic, Vladimir"]
[Black "Markovic, Milan"]
[Result "1-0"]
[WhiteElo "2446"]
[BlackElo "2323"]
[PlyCount "63"]
[EventDate "2006.09.09"]

1. d4 Nf6 2. Nf3 g6 3. c4 c5 4. Nc3 cxd4 5. Nxd4 Nc6 6. e4 Bg7 7. Be3 O-O 8.
Be2 b6 9. O-O Bb7 10. f4 d6 11. Bf3 Rc8 12. b3 Re8 13. e5 dxe5 14. fxe5 Nxe5
15. Bxb7 Neg4 16. Bf4 Rc7 17. Bf3 Rd7 18. Nd5 Nxd5 19. cxd5 Rxd5 20. Bxd5 Qxd5
21. Qxg4 Bxd4+ 22. Kh1 Bxa1 23. Rxa1 Qd4 24. Rd1 Qe4 25. Qd7 Ra8 26. Bg3 e6 27.
h3 a5 28. Rf1 f5 29. Re1 Qd5 30. Bd6 f4 31. Rxe6 Qf5 32. Be5 1-0

[Event "Druga liga CS - istok"]
[Site "Jagodina"]
[Date "2006.09.30"]
[Round "4.5"]
[White "Popovic, Djordje"]
[Black "Milenkovic, Mladen"]
[Result "1/2-1/2"]
[WhiteElo "2312"]
[BlackElo "2349"]
[PlyCount "69"]
[EventDate "2006.09.09"]

1. d4 Nf6 2. Nf3 c5 3. d5 b5 4. c4 Bb7 5. Bg5 Ne4 6. Nc3 Nxg5 7. Nxg5 e6 8. Qd2
Be7 9. Nf3 b4 10. Nd1 d6 11. g3 Nd7 12. Ne3 exd5 13. cxd5 Nb6 14. Bg2 O-O 15.
O-O Bf6 16. Rfd1 a5 17. Qc2 Rc8 18. Rab1 Re8 19. Nd2 Bg5 20. Ndc4 Bxe3 21. Nxe3
Qf6 22. Nc4 Nxc4 23. Qxc4 Ra8 24. e4 h5 25. Qe2 g6 26. f4 Ba6 27. Qe3 Rac8 28.
a3 Bb5 29. axb4 axb4 30. b3 c4 31. bxc4 Rxc4 32. Qb6 Ba4 33. e5 Qf5 34. Re1
dxe5 35. Rxb4 1/2-1/2

[Event "Druga liga CS - istok"]
[Site "Jagodina"]
[Date "2006.09.30"]
[Round "4.5"]
[White "Jevtic, Sasa"]
[Black "Komnenic, Branko"]
[Result "1/2-1/2"]
[WhiteElo "2123"]
[BlackElo "2238"]
[PlyCount "69"]
[EventDate "2006.09.09"]

1. d4 g6 2. Nf3 Bg7 3. c4 c5 4. Nc3 cxd4 5. Nxd4 Nc6 6. e3 Nf6 7. Be2 O-O 8.
O-O d6 9. b3 Nd7 10. Bb2 Nc5 11. Qd2 a5 12. Rad1 Bd7 13. Bf3 a4 14. Nxc6 Bxc6
15. Nd5 Bxb2 16. Qxb2 Bxd5 17. Rxd5 axb3 18. axb3 Qc7 19. h4 Rfb8 20. h5 Qd8
21. Rfd1 Qf8 22. b4 Na4 23. Qc2 Qg7 24. R1d4 Nb6 25. Rb5 Ra1+ 26. Kh2 Nd7 27.
Rxb7 Qe5+ 28. g3 Rxb7 29. Bxb7 Qxh5+ 30. Rh4 Qd1 31. Qxd1 Rxd1 32. Rd4 Rb1 33.
c5 Nxc5 34. bxc5 Rxb7 35. cxd6 1/2-1/2

[Event "Druga liga CS - istok"]
[Site "Jagodina"]
[Date "2006.09.30"]
[Round "4.5"]
[White "Vojinovic, Jovana"]
[Black "Djordjevic, Zoran"]
[Result "1-0"]
[WhiteElo "2132"]
[BlackElo "2088"]
[PlyCount "77"]
[EventDate "2006.09.09"]

1. d4 e6 2. c4 d5 3. Nf3 Be7 4. g3 Nf6 5. Bg2 O-O 6. O-O dxc4 7. Qc2 a6 8. a4
Bd7 9. Ne5 Bc6 10. Nxc6 Nxc6 11. e3 Na5 12. Nd2 c5 13. dxc5 Rc8 14. b4 cxb3 15.
Nxb3 Nxb3 16. Qxb3 Rxc5 17. Qxb7 a5 18. Bb2 Rc7 19. Qa6 Bb4 20. Be5 Rd7 21. Bc6
Rd2 22. Rac1 Ng4 23. Ba1 Qg5 24. Bg2 Rfd8 25. Rc8 Rxc8 26. Qxc8+ Rd8 27. Qc7
Rf8 28. Bd4 Nf6 29. e4 Qd2 30. Bb6 h5 31. Qc6 e5 32. Qb5 Re8 33. Bf3 Re6 34.
Be3 Qa2 35. Bg5 Nh7 36. Bd8 Qc2 37. Bxa5 Bxa5 38. Qxa5 Ng5 39. Qd8+ 1-0

[Event "Druga liga CS - istok"]
[Site "Kostolac"]
[Date "2006.09.30"]
[Round "4.6"]
[White "Turudic, Nenad"]
[Black "Panic, Milan"]
[Result "0-1"]
[WhiteElo "2233"]
[BlackElo "2167"]
[PlyCount "107"]
[EventDate "2006.09.09"]

1. e4 e5 2. Nf3 Nc6 3. Bb5 a6 4. Ba4 Nf6 5. d4 exd4 6. O-O Be7 7. Re1 b5 8. Bb3
d6 9. Bd5 Bb7 10. Nxd4 Nxd5 11. Nxc6 Bxc6 12. exd5 Bb7 13. a4 O-O 14. axb5 axb5
15. Rxa8 Bxa8 16. Qe2 Bf6 17. Qxb5 Qb8 18. Na3 Rc8 19. c4 Kf8 20. Re2 Qxb5 21.
Nxb5 Bb7 22. b4 Ba6 23. Na3 Ra8 24. h3 Bc3 25. b5 Bc8 26. Re3 Bb4 27. Rb3 Bc5
28. g4 h5 29. gxh5 Bf5 30. Kg2 f6 31. Kg3 Kf7 32. Kf4 Bh7 33. Kg3 Be4 34. Bb2
Ke8 35. h4 Bh7 36. Bc1 Kd7 37. Kf4 Ra4 38. Kg3 Bg8 39. Rf3 Ke7 40. Rb3 Bf7 41.
Kg4 Bxd5 42. Kf5 Bf7 43. h6 gxh6 44. f4 h5 45. Bb2 Be6+ 46. Kg6 f5 47. Kxh5 Ra8
48. Kg6 Rg8+ 49. Kh7 Rg4 50. h5 Bf7 51. h6 Bg6+ 52. Kg7 Bf7+ 53. Kh8 Rh4 54.
Kg7 0-1